| 000 | 00911nam a2200301 i 4500 | ||
|---|---|---|---|
| 001 | 19385 | ||
| 003 | ES-MaACL | ||
| 005 | 20251111131007.0 | ||
| 007 | t| | ||
| 008 | 020805s2002 sp ||||0| spa j | ||
| 020 | _a84-7669-521-7 | ||
| 040 |
_aM-BN _bspa _cM-BN |
||
| 080 | _a929 Luxemburg, Rosa | ||
| 080 | _a929 Jogiches, Leo | ||
| 100 | 1 |
_aSeidemann, Maria. _9105245 |
|
| 245 | 1 | 0 |
_aRosa Luxemburgo y Leo Jogiches / _cMaria Seidemann ; traducción de Octavio di Leo. |
| 250 | _a1ª ed. | ||
| 260 |
_aBarcelona : _bMuchnik, _c2002. |
||
| 300 |
_a159 p., [16] p. de lám ; _c23 cm. |
||
| 490 | 1 |
_aPersonalia ; _v22 |
|
| 600 | 1 | 4 |
_aLuxemburg, Rosa, _d1870-1919 _974894 |
| 600 | 1 | 4 |
_aJogiches, Leo. _966710 |
| 700 | 1 |
_aLeo, Octavio di. _971565 |
|
| 830 | 0 |
_aPersonalia ; _v22 _9179888 |
|
| 852 |
_aES-MaACL _jL-25833 _bR.131528 |
||
| 999 |
_c19385 _d19385 |
||